LIBRARY & INFORMATION CENTRE, KCAET, TAVANUR

ONLINE PUBLIC ACCESS CATALOGUE (OPAC)

Theory of elasticity / (Record no. 1780)

MARC details
000 -LEADER
fixed length control field 00468cam a2200181ua 4500
041 ## - LANGUAGE CODE
Language code of text/sound track or separate title eng
082 ## - DEWEY DECIMAL CLASSIFICATION NUMBER
Classification number 531.382
Item number BOR/TH
100 ## - MAIN ENTRY--AUTHOR NAME
Personal name Borodich, Filonenko.M .
245 ## - TITLE STATEMENT
Title Theory of elasticity /
250 ## - EDITION STATEMENT
Edition statement 1 /
260 ## - PUBLICATION, DISTRIBUTION, ETC. (IMPRINT)
Place of publication Moscow :
Name of publisher Foreign Language Publishing House ,
Year of publication 1979.
300 ## - PHYSICAL DESCRIPTION
Number of Pages 378 :
Other physical details ` ; .
942 ## - ADDED ENTRY ELEMENTS (KOHA)
Koha item type Books
Holdings
Withdrawn status Lost status Damaged status Home library Current library Date acquired Full call number Accession Number Koha item type
      KAUAET KAUAET 07/04/2012 531.382 BOR/TH 4798 Books
free website counter